Southville International School and Colleges
Your cart is empty.
  • Cart
  • Lists
    Public lists Eva Luna New books Lux_list list_1
    Your lists Log in to create your own lists
  • Log in to your account
  • Your cookies
  • Search history
Southville International School and Colleges
  • Advanced search
  • Recent comments
  • Most popular
  • Libraries

Log in to your account

Log in with GOOGLE


If you do not have an external account, but do have a local account, you can still log in:

  1. Home
  2. MARC view: Commercial drafting and detailing /
Normal view MARC view ISBD view

Commercial drafting and detailing / (Record no. 115628)

[ view plain ]
MARC details
000 -LEADER
fixed length control field 00675nam a2200217Ia 4500
008 - FIXED-LENGTH DATA ELEMENTS--GENERAL INFORMATION
fixed length control field 140429s9999 xx 000 0 und d
020 ## - INTERNATIONAL STANDARD BOOK NUMBER
International Standard Book Number 9781435486157
050 ## - LIBRARY OF CONGRESS CALL NUMBER
Classification number NA 2708
Item number .J351 2010
100 ## - MAIN ENTRY--PERSONAL NAME
Personal name Jefferis, Alan
245 ## - TITLE STATEMENT
Title Commercial drafting and detailing /
Statement of responsibility, etc Alan Jefferis and Kenneth D. Smith.
250 ## - EDITION STATEMENT
Edition statement 3rd ed.
260 ## - PUBLICATION, DISTRIBUTION, ETC. (IMPRINT)
Place of publication, distribution, etc New York :
Name of publisher, distributor, etc Cengage Learning,
Date of publication, distribution, etc c2010.
300 ## - PHYSICAL DESCRIPTION
Extent 609 p. :
Other physical details ill. ;
Dimensions 28 cm.
Accompanying material + 1 CD-ROM (4 3/4 in.)
500 ## - GENERAL NOTE
General note Includes index.
521 ## - TARGET AUDIENCE NOTE
Target audience note
650 ## - SUBJECT ADDED ENTRY--TOPICAL TERM
Topical term or geographic name as entry element Architectural design
General subdivision Technique.
650 ## - SUBJECT ADDED ENTRY--TOPICAL TERM
Topical term or geographic name as entry element Architectural drawing
General subdivision Detailing.
650 ## - SUBJECT ADDED ENTRY--TOPICAL TERM
Topical term or geographic name as entry element Architectural drawing.
942 ## - ADDED ENTRY ELEMENTS (KOHA)
Call number prefix Foreign
Koha item type Books
Holdings
Withdrawn status Lost status Source of classification or shelving scheme Damaged status Home library Current library Shelving location Date acquired Source of acquisition Cost, normal purchase price Total Checkouts Full call number Barcode Date last seen Date checked out Price effective from Koha item type
    Library of Congress Classification   College Library College Library General Circulation Section 04/29/2014 Library Fund 7278.00 1 NA 2708 .J351 2010 C16961 05/15/2018 11/09/2015 04/29/2014 Books

Commercial drafting and detailing /

APA

Jefferis A., . (2010). Commercial drafting and detailing. New York: Cengage Learning.

Chicago

Jefferis Alan, . 2010. Commercial drafting and detailing. New York: Cengage Learning.

Harvard

Jefferis A., . (2010). Commercial drafting and detailing. New York: Cengage Learning.

MLA

Jefferis Alan, . Commercial drafting and detailing. New York: Cengage Learning. 2010.

  • Place hold
  • Print
  • Cite
  • Add to your cart (remove)
  • Save record
    BIBTEX Dublin Core MARCXML MARC (non-Unicode/MARC-8) MARC (Unicode/UTF-8) MARC (Unicode/UTF-8, Standard) MODS (XML) RIS
  • More searches
    Search for this title in:
    Other Libraries (WorldCat) Other Databases (Google Scholar) Online Stores (Bookfinder.com) Open Library (openlibrary.org)

Exporting to Dublin Core...

SOUTHVILLE LIBRARY

Southville International School and Colleges Library

1281 Tropical Ave. Cor. Luxembourg St., BF Homes International, Las Pinas City

Tel. No. 8256374 / 252358 Loc. 117/146

Powered by Koha